Statistics for Languages of China on a Map

Click here to take the quiz!

General Stats

  • This quiz has been taken 2,575 times
  • The average score is 23 of 65

Answers on the Map

Answers color-coded by a green-red scale on the quiz's map according to % correct below.
 

Answer Stats

FamilyLanguage% Correct
Sino-TibetanMandarin
97%
TungusicManchu
96%
Sino-TibetanLhomi
93%
Sino-TibetanÜ-Tsang
93%
Sino-TibetanCantonese
92%
HmongicHmong
90%
Sino-TibetanWu
85%
MongolicMongolian
83%
Sino-TibetanAmdo
79%
Sino-TibetanPanang
79%
TurkicUyghur
76%
KoreanicKorean
75%
TurkicKazakh
68%
Kra-DaiTai Nuea
65%
TurkicKyrgyz
62%
Sino-TibetanCentral Min
56%
Sino-TibetanEastern Min
56%
Sino-TibetanNorthern Min
56%
Sino-TibetanPuxian
56%
Sino-TibetanSouthern Min
56%
Kra-DaiLu
55%
Sino-TibetanHakka
54%
MongolicMonguor
51%
Sino-TibetanXiang
41%
Sino-TibetanJin
38%
Sino-TibetanGan
36%
Kra-DaiZhuang
30%
Sino-TibetanHoni
28%
Sino-TibetanBaima
24%
Sino-TibetanNisu
24%
Sino-TibetanNuosu
24%
Kra-DaiHlai
23%
Sino-TibetanHuizhou
23%
Sino-TibetanLalo
23%
Sino-TibetanLolopo
23%
AustroasiaticWa
22%
Kra-DaiKam
17%
Sino-TibetanBai
16%
MongolicBuryat
15%
TungusicEvenki
15%
Sino-TibetanLipo
12%
Sino-TibetanQiang
12%
TurkicSalar
11%
TungusicXibe
11%
Sino-TibetanSherpa
10%
Sino-TibetanHani
9%
Sino-TibetanLisu
9%
Sino-TibetanNaxi
9%
Kra-DaiBouyei
8%
MongolicDaur
8%
MongolicKalmyk
8%
TungusicOroqen
8%
Turkic / MongolicYugur
8%
Kra-DaiLahu
7%
Sino-TibetanLuoba
7%
Indo-EuropeanWakhi
7%
Sino-TibetanDrung
5%
Sino-TibetanAxi
4%
Sino-TibetanChoni
4%
Sino-TibetanGroma
4%
Sino-TibetanGyalrong
4%
Sino-TibetanBiyo
3%
AustroasiaticBugan
3%
Sino-TibetanNasu
3%
AustroasiaticRiang
3%

Score Distribution

Percentile by Number Answered

Percent of People with Each Score

Your Score History

You have not taken this quiz